00946naa a2200205 i 4500001000400000003000400004005001700008008003900025040000800064080001000072100016400082245009300246260001000339500002600349650001300375655003000388711007800418773008200496700016200578BPPBPK20160108124915.0140331s1986 pl f |100 0 pol cBPK a621.5 aBOHDAL, Tadeusz.d1976 - 1996.bWyższa Szkoła Inżynierska w Koszalinie - Instytut Konstrukcji i Eksploatacji Maszyn,cZakład Termodynamiki i Chłodnictwa aBadanie zjawiska zerowego kryzysu wrzenia w przepływie /cTadeusz Bohdal, Marian Czapp. c1986. aDane z kartoteki bpp. 0aWrzenie. 0aMateriały konferencyjne. aWymiana Ciepła i Masy : Sympozjumd(1986 ;cWarszawa-Jabłonna, Polska). tWymiana Ciepła i Masy : materiały Sympozjum. -dWarszawa, 1986. -gs. 34-40 aCZAPP, Marian.d1970 - 1996.bWyższa Szkoła Inżynierska w Koszalinie - Instytut Konstrukcji i Eksploatacji Maszyn,cZakład Termodynamiki i Chłodnictwa